[Event "10th Africa-ch (w)"]
[Site "Kampala UGA"]
[Date "2016.07.17"]
[Round "1"]
[White "Domingos, Maria"]
[Black "Shahenda, Wafa"]
[Result "1/2-1/2"]
[WhiteElo "1712"]
[BlackElo "2106"]
[EventDate "2016.07.17"]
[PlyCount "148"]

1.e4 c5 2.Nf3 Nc6 3.Be2 g6 4.c3 d5 5.exd5 Qxd5 6.O-O Bg7 7.Re1 a6 8.d3 e5 
9.Be3 Nge7 10.c4 Qd6 11.Nc3 b6 12.Nd2 f5 13.f3 O-O 14.a3 Be6 15.Bf1 Bf6 
16.Bh6 Rfe8 17.Be3 Rad8 18.Rb1 Bh4 19.g3 Bf6 20.Nde4 fxe4 21.Nxe4 Qc7 22.
Nxf6+ Kh8 23.Nxe8 Rxe8 24.Bg5 Rf8 25.f4 exf4 26.Rxe6 fxg3 27.Bf6+ Kg8 28.
Bg2 Qd7 29.Qe1 Rxf6 30.Rxf6 Qd4+ 31.Kh1 Qxf6 32.Qxg3 Nf5 33.Qc7 Nce7 34.
Re1 Kf8 35.Qf4 Qxb2 36.Bh3 Qd4 37.Qb8+ Kg7 38.Bxf5 Nxf5 39.Qe5+ Qxe5 40.
Rxe5 Kf6 41.Re8 Nd6 42.Ra8 b5 43.Rxa6 bxc4 44.dxc4 Ke5 45.Rc6 Nxc4 46.
Rxc5+ Kd4 47.Rc7 Nxa3 48.Rxh7 Nc4 49.Kg2 Ne5 50.Kg3 Ke4 51.Ra7 Kf5 52.Ra5 
g5 53.h3 Ke4 54.Ra8 Kf5 55.Rf8+ Ke4 56.Rf7 Nc4 57.Rf8 Ne5 58.Rf6 Nd7 59.
Rf7 Ne5 60.Kf2 Nd3+ 61.Kg3 Ne5 62.Rf1 Nc4 63.h4 gxh4+ 64.Kxh4 Ne3 65.Rf8 
Nf5+ 66.Kg5 Nd4 67.Kg4 Ke5 68.Re8+ Ne6 69.Kf3 Kf6 70.Ra8 Ke5 71.Ke3 Kd5 
72.Ra5+ Kd6 73.Ke4 Nc5+ 74.Ke3 Kd5 1/2-1/2

[Event "10th Africa-ch (w)"]
[Site "Kampala UGA"]
[Date "2016.07.17"]
[Round "1"]
[White "Shroohk, Wafa"]
[Black "Fisher, Michelle"]
[Result "1-0"]
[WhiteElo "2096"]
[BlackElo "1681"]
[EventDate "2016.07.17"]
[PlyCount "89"]

1.e4 c5 2.Nf3 Nc6 3.Nc3 Nf6 4.e5 Ng4 5.Qe2 g6 6.h3 Nh6 7.g4 Bg7 8.d3 O-O 
9.Be3 d6 10.Qd2 Bxg4 11.hxg4 Nxg4 12.exd6 exd6 13.O-O-O Re8 14.Nd5 Rc8 15.
Bg5 f6 16.Bh3 fxg5 17.Bxg4 Rb8 18.Nxg5 Nd4 19.c3 Re5 20.cxd4 Rxg5 21.Be6+ 
Kh8 22.f4 Rh5 23.Rxh5 gxh5 24.dxc5 dxc5 25.Kb1 Qd6 26.f5 Re8 27.Nc3 a6 28.
Rg1 Qd4 29.Rh1 h4 30.Ne2 Qf6 31.Nf4 Bh6 32.Qf2 Bg5 33.Nd5 Qf8 34.Qe2 Qg7 
35.Qh5 Rf8 36.Rg1 h6 37.Kc2 Rd8 38.Qf7 Qd4 39.Rxg5 Qf2+ 40.Kb3 c4+ 41.dxc4
Qf3+ 42.Nc3 hxg5 43.Qf6+ Kh7 44.Qg6+ Kh8 45.Qh6# 1-0

[Event "10th Africa-ch (w)"]
[Site "Kampala UGA"]
[Date "2016.07.17"]
[Round "1"]
[White "Latreche, Sabrina"]
[Black "Van Niekerk, Robyn Julian"]
[Result "1-0"]
[WhiteElo "2066"]
[BlackElo "1621"]
[EventDate "2016.07.17"]
[PlyCount "47"]

1.e4 c5 2.Nc3 e6 3.f4 Nc6 4.Nf3 a6 5.g3 d5 6.d3 Nge7 7.Bg2 g6 8.O-O Bg7 9.
Qe1 O-O 10.exd5 exd5 11.Qf2 b6 12.Kh1 Rb8 13.a3 Be6 14.h3 h5 15.Ng5 Bf5 
16.g4 hxg4 17.Qh4 Re8 18.hxg4 Bc8 19.f5 gxf5 20.gxf5 Bxf5 21.Nxd5 Bg6 22.
Nf6+ Bxf6 23.Rxf6 Nf5 24.Rxg6+ 1-0

[Event "10th Africa-ch (w)"]
[Site "Kampala UGA"]
[Date "2016.07.17"]
[Round "1"]
[White "Angolikin, Goretti"]
[Black "Mwango, Makumba Lorita"]
[Result "0-1"]
[WhiteElo "1607"]
[BlackElo "1938"]
[EventDate "2016.07.17"]
[PlyCount "92"]

1.e4 e6 2.d4 d5 3.e5 c5 4.Nf3 Nc6 5.Bd3 cxd4 6.a3 Qb6 7.O-O Nge7 8.Re1 g6 
9.Nbd2 Bg7 10.Nf1 Bd7 11.Qe2 Rc8 12.Ng3 O-O 13.Rb1 a6 14.Bf4 Na5 15.Ng5 
Nc4 16.Nh5 f5 17.Nxg7 Kxg7 18.Qf3 h6 19.Nh3 Rh8 20.Qg3 Rcg8 21.Bxc4 dxc4 
22.Bd2 Nd5 23.Nf4 Nxf4 24.Bxf4 Bc6 25.Bd2 Qd8 26.Red1 Be4 27.Rbc1 Qb6 28.
b3 c3 29.Be1 Rd8 30.Qh4 g5 31.Qh5 Qc5 32.f4 Qe7 33.fxg5 hxg5 34.Qe2 Qxa3 
35.Qc4 Qe7 36.Rxd4 Rc8 37.Qe2 Qc7 38.Bf2 Qxe5 39.Rd7+ Kg6 40.Bd4 Qxh2+ 41.
Kf2 Qf4+ 42.Kg1 Qxc1+ 43.Kf2 Qf4+ 44.Kg1 Qh2+ 45.Kf1 Qh1+ 46.Bg1 Rh2 0-1

[Event "10th Africa-ch (w)"]
[Site "Kampala UGA"]
[Date "2016.07.17"]
[Round "1"]
[White "Hamza, Amira"]
[Black "Van Niekerk, Megan"]
[Result "1-0"]
[WhiteElo "1933"]
[BlackElo "1594"]
[EventDate "2016.07.17"]
[PlyCount "59"]

1.d4 d5 2.Nf3 c6 3.e3 Nf6 4.Bd3 Nbd7 5.O-O e6 6.Nbd2 Bd6 7.b3 O-O 8.Bb2 
Re8 9.Ne5 Nf8 10.f4 N6d7 11.Qh5 Qe7 12.Rf3 f6 13.Rh3 f5 14.Nxd7 Bxd7 15.c4
Bb4 16.Nf3 dxc4 17.bxc4 g6 18.Qh6 Ba3 19.Bc3 b5 20.c5 Reb8 21.Ba5 Be8 22.
Ne5 Qb7 23.Qh4 b4 24.Bc4 Bb2 25.Rb1 Bc3 26.Qf6 Bf7 27.Ba6 Qxa6 28.Qxf7+ 
Kh8 29.Rxh7+ Nxh7 30.Nxg6# 1-0

[Event "10th Africa-ch (w)"]
[Site "Kampala UGA"]
[Date "2016.07.17"]
[Round "1"]
[White "Namaganda, Christine"]
[Black "El-Ansary, Eman"]
[Result "0-1"]
[WhiteElo "1564"]
[BlackElo "1920"]
[EventDate "2016.07.17"]
[PlyCount "56"]

1.d4 Nf6 2.Nf3 d6 3.e3 Nbd7 4.Nbd2 e5 5.Bd3 Qe7 6.e4 exd4 7.Nxd4 g6 8.O-O 
Bg7 9.Re1 O-O 10.Nb5 Nc5 11.Nc3 c6 12.Nf3 Bg4 13.h3 Bxf3 14.Qxf3 Nfd7 15.
Ne2 Rae8 16.Rb1 Ne5 17.Qg3 Qc7 18.Bd2 f5 19.Nf4 Nexd3 20.cxd3 fxe4 21.dxe4
Nxe4 22.Qb3+ d5 23.Rxe4 Rxe4 24.Nxd5 cxd5 25.Qxd5+ Qf7 26.Qxe4 Qxf2+ 27.
Kh1 Qxd2 28.Qxb7 Qd3 0-1

[Event "10th Africa-ch (w)"]
[Site "Kampala UGA"]
[Date "2016.07.17"]
[Round "1"]
[White "Frick, Denise"]
[Black "Kabengano, Joyce"]
[Result "1/2-1/2"]
[WhiteElo "1905"]
[BlackElo "1556"]
[EventDate "2016.07.17"]
[PlyCount "163"]

1.e4 c5 2.d3 d6 3.g3 Nc6 4.Bg2 h6 5.f4 Nf6 6.Nf3 Qc7 7.O-O Bg4 8.c3 e6 9.
Be3 Be7 10.Nbd2 O-O 11.h3 Bh5 12.Qe1 Bg6 13.Nh4 Bh7 14.f5 Nd7 15.Ndf3 Nde5
16.Nxe5 Nxe5 17.Qe2 Bxh4 18.gxh4 exf5 19.exf5 f6 20.Be4 Rad8 21.Qg2 Kh8 
22.Rad1 b6 23.Bf4 Bg8 24.c4 Qf7 25.b3 Qh5 26.Bg3 Rfe8 27.Kh1 Re7 28.Rg1 
Rc7 29.Bf2 Bh7 30.d4 cxd4 31.Rxd4 Bxf5 32.Bd5 Bh7 33.Rgd1 Qe8 34.Bg3 Re7 
35.Qf2 Bg8 36.Bg2 Re6 37.Bd5 Re7 38.Bg2 Red7 39.Bd5 Be6 40.Kg2 Re7 41.Qd2 
Bxd5+ 42.cxd5 Nc6 43.dxc6 Re2+ 44.Qxe2 Qxe2+ 45.Kg1 Qf3 46.Bxd6 Qxc6 47.
R1d2 Kg8 48.Rd5 Kf7 49.R5d4 a6 50.Kf2 Qh1 51.Kg3 Qg1+ 52.Kf3 Qf1+ 53.Kg3 
h5 54.Rd1 Qe2 55.R1d2 Qe1+ 56.Kf3 Re8 57.Bf4 Qf1+ 58.Kg3 Re2 59.Rxe2 Qxe2 
60.Rd2 Qb5 61.Rf2 Qd3+ 62.Kg2 g6 63.Rf3 Qe4 64.Kg3 Ke6 65.Re3 Qxe3+ 66.
Bxe3 b5 67.Bd4 Kf5 68.Kf3 g5 69.hxg5 fxg5 70.a4 bxa4 71.bxa4 g4+ 72.hxg4+ 
hxg4+ 73.Ke3 Ke6 74.Kd3 Kd5 75.Kc3 Kc6 76.Kb4 g3 77.Ka5 Kb7 78.Be3 g2 79.
Bf2 Ka8 80.Kxa6 Kb8 81.Bg1 Ka8 82.Bf2 1/2-1/2

[Event "10th Africa-ch (w)"]
[Site "Kampala UGA"]
[Date "2016.07.17"]
[Round "1"]
[White "Joyce, Nyaruai"]
[Black "Caxita, Esperanca"]
[Result "0-1"]
[WhiteElo "1471"]
[BlackElo "1822"]
[EventDate "2016.07.17"]
[PlyCount "39"]

1.d4 d5 2.Nf3 Nf6 3.Bf4 Nbd7 4.e3 e6 5.Be2 c5 6.h3 Qb6 7.Qc1 Be7 8.Nbd2 
O-O 9.O-O h6 10.c3 Bd6 11.Bh2 Re8 12.Ne5 Bxe5 13.dxe5 Nh7 14.Qc2 Ndf6 15.
Kh1 Ng5 16.f4 c4 17.Bg1 Qc5 18.e4 b5 19.Rae1 Bb7 20.Bd1 0-1

[Event "10th Africa-ch (w)"]
[Site "Kampala UGA"]
[Date "2016.07.17"]
[Round "1"]
[White "Laubscher, Anzel"]
[Black "Nansubuga, Gloria"]
[Result "1-0"]
[WhiteElo "1797"]
[BlackElo "1445"]
[EventDate "2016.07.17"]
[PlyCount "107"]

1.d4 d5 2.c4 Nf6 3.cxd5 Nxd5 4.e4 Nf6 5.Nc3 e6 6.Nf3 Nc6 7.Bd3 h6 8.O-O a6
9.Re1 Bb4 10.d5 Bxc3 11.bxc3 Ne7 12.c4 O-O 13.Bb2 Ng6 14.e5 Nh7 15.Qc2 Qe7
16.Bxg6 fxg6 17.Qxg6 Qf7 18.Qxf7+ Rxf7 19.d6 b6 20.Nd4 Nf8 21.Rac1 Rd7 22.
Ba3 Bb7 23.c5 bxc5 24.Bxc5 Bd5 25.dxc7 Rxc7 26.Bxf8 Rxc1 27.Rxc1 Kxf8 28.
Rc2 Rb8 29.f4 Rb4 30.Rd2 Bxa2 31.Rxa2 Rxd4 32.g3 Rd1+ 33.Kg2 Rd5 34.Rxa6 
Kf7 35.Ra7+ Kf8 36.Kf3 Rd8 37.g4 Re8 38.Ke4 Re7 39.Rxe7 Kxe7 40.f5 Kf7 41.
h4 g5 42.hxg5 hxg5 43.fxe6+ Kxe6 44.Kd4 Ke7 45.Kd5 Kd7 46.e6+ Ke7 47.Ke5 
Ke8 48.Kf6 Kf8 49.Kxg5 Ke7 50.Kf5 Kf8 51.Kf6 Kg8 52.e7 Kh7 53.e8=Q Kh6 54.
Qg6# 1-0

[Event "10th Africa-ch (w)"]
[Site "Kampala UGA"]
[Date "2016.07.17"]
[Round "1"]
[White "Babirye, Stella"]
[Black "Mudongo, Boikhutso"]
[Result "0-1"]
[WhiteElo "1244"]
[BlackElo "1760"]
[EventDate "2016.07.17"]
[PlyCount "30"]

1.Nf3 c5 2.e4 d6 3.Bc4 Nf6 4.d3 a6 5.a3 e6 6.Nc3 Be7 7.Bd2 b5 8.Ba2 Bb7 9.
h3 Nbd7 10.Be3 Rc8 11.Rc1 O-O 12.O-O Re8 13.Qe2 h6 14.Rfd1 Qa5 15.Bb3 Qc7 
0-1

[Event "10th Africa-ch (w)"]
[Site "Kampala UGA"]
[Date "2016.07.18"]
[Round "2"]
[White "El-Ansary, Eman"]
[Black "Shroohk, Wafa"]
[Result "0-1"]
[WhiteElo "1920"]
[BlackElo "2096"]
[EventDate "2016.07.17"]
[PlyCount "47"]

1.d4 Nf6 2.Nf3 e6 3.e3 d5 4.Bd3 c5 5.c3 Nc6 6.Nbd2 Bd6 7.O-O O-O 8.e4 cxd4
9.cxd4 e5 10.exd5 Nxd4 11.Nxd4 exd4 12.Ne4 Nxe4 13.Bxe4 Bxh2+ 14.Kxh2 Qh4+
15.Kg1 Qxe4 16.Qb3 b6 17.Bg5 Bb7 18.Qg3 Qxd5 19.Be7 Rfe8 20.Rfe1 Rac8 21.
Re5 Qc6 22.Rae1 Qg6 23.Rg5 Rxe7 24.Rxe7 0-1

[Event "10th Africa-ch (w)"]
[Site "Kampala UGA"]
[Date "2016.07.18"]
[Round "2"]
[White "Mezioud, Amina"]
[Black "Hamza, Amira"]
[Result "1/2-1/2"]
[WhiteElo "2073"]
[BlackElo "1933"]
[EventDate "2016.07.17"]
[PlyCount "63"]

1.e4 e6 2.d4 d5 3.Nc3 dxe4 4.Nxe4 Nf6 5.Nxf6+ gxf6 6.Be3 Nc6 7.g3 b6 8.Bg2
Bb7 9.Nf3 Qd7 10.O-O O-O-O 11.c3 h5 12.Qd2 Ne7 13.a4 Nf5 14.a5 Kb8 15.axb6
cxb6 16.h4 Bd6 17.c4 Rhg8 18.c5 Bc7 19.Qc3 Nxe3 20.Qxe3 bxc5 21.Qa3 a6 22.
dxc5 Qd3 23.Qb4 a5 24.Qxb7+ Kxb7 25.Ne5+ Kc8 26.Nxd3 Rxd3 27.Rad1 Rxd1 28.
Rxd1 Rd8 29.Rxd8+ Kxd8 30.Kf1 Ke7 31.Ke2 Ke8 32.Kf1 1/2-1/2

[Event "10th Africa-ch (w)"]
[Site "Kampala UGA"]
[Date "2016.07.18"]
[Round "2"]
[White "Caxita, Esperanca"]
[Black "Latreche, Sabrina"]
[Result "0-1"]
[WhiteElo "1822"]
[BlackElo "2066"]
[EventDate "2016.07.17"]
[PlyCount "91"]

1.e4 e5 2.Nf3 Nc6 3.Bc4 Bc5 4.c3 Nf6 5.d3 d6 6.h3 a6 7.a3 b5 8.Ba2 h6 9.
Nbd2 O-O 10.O-O Be6 11.Nb3 Bb6 12.d4 exd4 13.cxd4 Bc4 14.Re1 Re8 15.d5 Ne5
16.Bb1 Nxf3+ 17.Qxf3 Bxd5 18.Bd2 Bb7 19.Bc3 Nh7 20.Bc2 Qh4 21.Bd2 Ng5 22.
Bxg5 Qxg5 23.Rad1 Re5 24.Nd2 Rf8 25.Qd3 Qf4 26.Re2 Rfe8 27.Rde1 R5e6 28.g3
Qe5 29.b3 Qd4 30.Nf3 Qxd3 31.Bxd3 Rf8 32.Nh4 g6 33.Kf1 Rf6 34.Ng2 Bc8 35.
h4 Bh3 36.Kg1 Rf3 37.Ne3 Bxe3 38.Rxe3 Rxe3 39.Rxe3 Be6 40.b4 c5 41.e5 c4 
42.Bc2 d5 43.Kf1 d4 44.Rf3 d3 45.Bb1 Bh3+ 46.Ke1 0-1

[Event "10th Africa-ch (w)"]
[Site "Kampala UGA"]
[Date "2016.07.18"]
[Round "2"]
[White "Mwango, Makumba Lorita"]
[Black "Laubscher, Anzel"]
[Result "0-1"]
[WhiteElo "1938"]
[BlackElo "1797"]
[EventDate "2016.07.17"]
[PlyCount "128"]

1.d4 d5 2.Bf4 Nf6 3.Nc3 c6 4.Nf3 Bf5 5.h3 h6 6.e3 e6 7.a3 Nbd7 8.Bd3 Ne4 
9.O-O Be7 10.Ne2 O-O 11.c4 dxc4 12.Bxc4 Nb6 13.Ba2 Nd5 14.Be5 Bf6 15.Re1 
Rc8 16.Bh2 Qb6 17.Qb3 Qxb3 18.Bxb3 c5 19.g4 Bh7 20.Bxd5 exd5 21.Rad1 c4 
22.Nd2 Rfe8 23.Nxe4 Bxe4 24.Rd2 Bf3 25.Kf1 a6 26.Bg3 b5 27.Nc3 Be7 28.Ra1 
Bd8 29.Kg1 Rc6 30.Kh2 h5 31.gxh5 Rh6 32.Bf4 Rxh5 33.Rg1 Bh4 34.Bg3 Bf6 35.
Bf4 Bh4 36.Be5 f6 37.Bg3 Bg5 38.Bc7 Bh4 39.Bg3 Bg5 40.Ne2 Bg4 41.h4 Bxe2 
42.Rxe2 Bxh4 43.Kg2 Bxg3 44.Kxg3 Kf7 45.Ree1 Rg5+ 46.Kf3 Rxg1 47.Rxg1 Rh8 
48.Kf4 a5 49.Rc1 Rc8 50.Rc2 b4 51.axb4 axb4 52.Kf3 b3 53.Rc1 Ra8 54.Rh1 
Ra2 55.Rb1 Ke6 56.Kg3 Kf5 57.f3 g6 58.e4+ dxe4 59.d5 e3 60.d6 Ke6 61.Re1 
Rxb2 62.Rxe3+ Kxd6 63.Kg4 Rc2 64.Kf4 b2 0-1

[Event "10th Africa-ch (w)"]
[Site "Kampala UGA"]
[Date "2016.07.18"]
[Round "2"]
[White "Mudongo, Boikhutso"]
[Black "Frick, Denise"]
[Result "1/2-1/2"]
[WhiteElo "1760"]
[BlackElo "1905"]
[EventDate "2016.07.17"]
[PlyCount "100"]

1.e4 e6 2.d4 d5 3.Nc3 Nf6 4.Bg5 Bb4 5.e5 h6 6.Bd2 Bxc3 7.bxc3 Ne4 8.Bd3 
Nxd2 9.Qxd2 c5 10.f4 c4 11.Be2 Nd7 12.Bf3 Qa5 13.a3 Nb6 14.Ne2 Na4 15.O-O 
Bd7 16.Rab1 O-O-O 17.Rb4 Rdg8 18.Bg4 Qd8 19.f5 a5 20.Rbb1 Qe7 21.fxe6 fxe6
22.Ra1 g5 23.Ng3 Rf8 24.Rxf8+ Rxf8 25.Nh5 Be8 26.Nf6 Bg6 27.h3 Nb6 28.Qc1 
Nd7 29.Nxd7 Qxd7 30.Qb2 h5 31.Bf3 Qc6 32.Rb1 Kc7 33.Rf1 b5 34.Qb1 Qd7 35.
Qc1 Qe7 36.Qb2 Kc6 37.Qc1 Rb8 38.Qb2 b4 39.axb4 axb4 40.Ra1 Qb7 41.Qc1 b3 
42.cxb3 cxb3 43.Qa3 Qb6 44.Qd6+ Kb7 45.Qd7+ Qc7 46.Ra7+ Kxa7 47.Qxc7+ Rb7 
48.Qa5+ Kb8 49.Qd8+ Ka7 50.Qa5+ Kb8 1/2-1/2

[Event "10th Africa-ch (w)"]
[Site "Kampala UGA"]
[Date "2016.07.18"]
[Round "2"]
[White "Kabengano, Joyce"]
[Black "Domingos, Maria"]
[Result "1/2-1/2"]
[WhiteElo "1556"]
[BlackElo "1712"]
[EventDate "2016.07.17"]
[PlyCount "77"]

1.e4 e5 2.Nf3 Nf6 3.d3 Nc6 4.Bg5 Be7 5.Be2 d6 6.h3 Be6 7.Nc3 h6 8.Be3 a6 
9.O-O Qd7 10.d4 exd4 11.Nxd4 O-O 12.Nxc6 bxc6 13.Bd3 Kh8 14.Ne2 Qd8 15.Ng3
Nd7 16.Qd2 Kg8 17.f4 Nb6 18.f5 Bc4 19.Bxb6 Bxd3 20.Bxc7 Qxc7 21.cxd3 d5 
22.Rf3 Rfd8 23.Qe2 Rab8 24.b3 Bf6 25.Raf1 Be5 26.Nh5 dxe4 27.dxe4 Rb4 28.
Nf4 Re8 29.Kh1 Bd6 30.Qxa6 Rbxe4 31.Nd3 Rc8 32.Nf2 Rd4 33.Qe2 Qd7 34.f6 
Re8 35.Qc2 Rf4 36.Rxf4 Bxf4 37.fxg7 Qe6 38.Nd3 Re7 39.Qf2 1/2-1/2

[Event "10th Africa-ch (w)"]
[Site "Kampala UGA"]
[Date "2016.07.18"]
[Round "2"]
[White "Shahenda, Wafa"]
[Black "Angolikin, Goretti"]
[Result "1-0"]
[WhiteElo "2106"]
[BlackElo "1607"]
[EventDate "2016.07.17"]
[PlyCount "79"]

1.e4 e5 2.Nf3 Nc6 3.Bb5 d6 4.O-O Bd7 5.c3 Nf6 6.Re1 Ne7 7.Bc4 h6 8.Qb3 Be6
9.Bxe6 fxe6 10.Qxe6 Qd7 11.Qb3 O-O-O 12.d4 exd4 13.cxd4 g5 14.e5 Nfd5 15.
Nc3 c6 16.exd6 Qxd6 17.Ne4 Qb8 18.Ne5 Rh7 19.Qh3+ Kc7 20.Nc5 Rd6 21.Ne6+ 
Rxe6 22.Qxe6 Qe8 23.Nc4 Kb8 24.Qe5+ Ka8 25.Ne3 Bg7 26.Qe4 Nf6 27.Qe6 Qd8 
28.Nf5 Nxf5 29.Qxf5 Rh8 30.Be3 Nd5 31.Qf7 Rg8 32.b4 a6 33.Rab1 Bh8 34.a4 
Rf8 35.Qh5 Nc7 36.Ra1 Bxd4 37.Bxd4 Qxd4 38.Re8+ Rxe8 39.Qxe8+ Ka7 40.Qe3 
1-0

[Event "10th Africa-ch (w)"]
[Site "Kampala UGA"]
[Date "2016.07.18"]
[Round "2"]
[White "Fisher, Michelle"]
[Black "Joyce, Nyaruai"]
[Result "0-1"]
[WhiteElo "1681"]
[BlackElo "1471"]
[EventDate "2016.07.17"]
[PlyCount "91"]

1.e4 e5 2.Nf3 Nc6 3.Bc4 Be7 4.d4 exd4 5.c3 d6 6.cxd4 Nf6 7.d5 Ne5 8.Nxe5 
dxe5 9.Nc3 O-O 10.O-O a6 11.Re1 b5 12.Bd3 Bb7 13.Ne2 c6 14.dxc6 Bxc6 15.
Ng3 Qd7 16.Nf5 Bb4 17.Rf1 Rfd8 18.Qb3 Qxd3 19.Qxb4 Qxe4 20.Ne7+ Kh8 21.
Nxc6 Qxc6 22.Bg5 Rd4 23.Qc3 Qxc3 24.bxc3 Rc4 25.Rfe1 Ne4 26.Be7 f6 27.Rac1
Nxc3 28.Rc2 Rac8 29.Rd2 h6 30.f3 Kg8 31.a3 a5 32.Bd6 Ra8 33.Be7 Kf7 34.Bd8
Rd4 35.Rxd4 exd4 36.Bb6 d3 37.Be3 Ke6 38.Bd2+ Ne2+ 39.Kf2 Kd5 40.Rb1 Kc4 
41.Ke1 a4 42.Bb4 Rf8 43.Kd2 Nd4 44.Bd6 Nb3+ 45.Kd1 Re8 46.g4 0-1

[Event "10th Africa-ch (w)"]
[Site "Kampala UGA"]
[Date "2016.07.18"]
[Round "2"]
[White "Van Niekerk, Robyn Julian"]
[Black "Ampaire, Shakira"]
[Result "1/2-1/2"]
[WhiteElo "1621"]
[BlackElo "1367"]
[EventDate "2016.07.17"]
[PlyCount "46"]

1.d4 d5 2.Nf3 Nf6 3.c4 g6 4.g3 Bg7 5.Bg2 O-O 6.Nc3 dxc4 7.Ne5 c6 8.Nxc4 
Be6 9.Ne5 Nbd7 10.Nd3 Qb6 11.Nf4 Bc4 12.O-O c5 13.dxc5 Nxc5 14.Qc2 Rfd8 
15.Be3 Qc7 16.Rfd1 b6 17.Rxd8+ Rxd8 18.Qa4 g5 19.Nh3 h6 20.f4 gxf4 21.gxf4
Ng4 22.Qxc4 Nxe3 23.Qxc5 Qxc5 1/2-1/2

[Event "10th Africa-ch (w)"]
[Site "Kampala UGA"]
[Date "2016.07.18"]
[Round "2"]
[White "Van Niekerk, Megan"]
[Black "Babirye, Stella"]
[Result "1-0"]
[WhiteElo "1594"]
[BlackElo "1244"]
[EventDate "2016.07.17"]
[PlyCount "62"]

1.d4 e6 2.c4 d6 3.Nc3 b6 4.e4 Bb7 5.Bd3 Nc6 6.Nf3 Nf6 7.O-O Nb4 8.Qa4+ Nc6
9.d5 Qd7 10.dxc6 Bxc6 11.Qc2 e5 12.b4 Be7 13.b5 Bb7 14.a4 Rc8 15.Bd2 O-O 
16.Nd5 Ne8 17.a5 c6 18.Nc3 Nf6 19.axb6 axb6 20.Na4 Qd8 21.Be3 c5 22.Nc3 
Qd7 23.Nd5 Bxd5 24.exd5 Qe8 25.Ra7 Ra8 26.Rfa1 Rxa7 27.Rxa7 Qb8 28.Qa4 Bd8
29.Ra8 Qb7 30.Qa7 Qxa7 31.Rxa7 g6 1-0

[Event "10th Africa-ch (w)"]
[Site "Kampala UGA"]
[Date "2016.07.18"]
[Round "2"]
[White "Nansubuga, Gloria"]
[Black "Namaganda, Christine"]
[Result "0-1"]
[WhiteElo "1445"]
[BlackElo "1564"]
[EventDate "2016.07.17"]
[PlyCount "110"]

1.d4 Nf6 2.Nf3 g6 3.g3 Bg7 4.Bg2 c5 5.c3 Nc6 6.d5 Na5 7.Na3 b6 8.Nb5 a6 9.
Na3 Bb7 10.d6 Ne4 11.dxe7 Qxe7 12.Bd2 O-O 13.O-O Rfe8 14.Be3 Nf6 15.Qd2 
Nd5 16.Rad1 Nxe3 17.fxe3 Rad8 18.Rf2 Bh6 19.Nc2 Nc4 20.Qe1 Nxe3 21.Nxe3 
Bxe3 22.Kf1 Bxf2 23.Kxf2 a5 24.Rd2 Qe3+ 25.Kf1 Qh6 26.Kg1 Re7 27.Nh4 Bxg2 
28.Nxg2 Rde8 29.Nf4 Re4 30.Nd5 R8e6 31.Nc7 Qe3+ 32.Kh1 Qf3+ 33.exf3 Rxe1+ 
34.Kg2 R1e2+ 35.Rxe2 Rxe2+ 36.Kh3 Rxb2 37.Nd5 Kg7 38.a4 b5 39.Nb6 b4 40.
cxb4 axb4 41.Nxd7 c4 42.Nc5 b3 43.a5 Ra2 44.Ne4 Rxa5 45.Nc3 Ra1 46.Kg2 Rc1
47.Na4 c3 48.Kf2 b2 49.Nxc3 Rxc3 50.f4 b1=Q 51.Kg2 h5 52.f5 Qe4+ 53.Kh3 
Qg4+ 54.Kg2 Rc2+ 55.Kf1 Qd1# 0-1

[Event "10th Africa-ch (w)"]
[Site "Kampala UGA"]
[Date "2016.07.19"]
[Round "3"]
[White "Shroohk, Wafa"]
[Black "Latreche, Sabrina"]
[Result "1-0"]
[WhiteElo "2096"]
[BlackElo "2066"]
[EventDate "2016.07.17"]
[PlyCount "117"]

1.e4 e5 2.Nf3 Nc6 3.Bb5 a6 4.Bxc6 dxc6 5.O-O f6 6.d3 Bg4 7.h3 Bh5 8.Be3 
Qd6 9.Nbd2 O-O-O 10.Nc4 Qe6 11.a4 h6 12.b4 Bxb4 13.Rb1 Bc3 14.Rb3 Bxf3 15.
Qxf3 Bd4 16.a5 c5 17.Bxd4 Rxd4 18.Rfb1 Ne7 19.Rxb7 Nc6 20.R7b2 Rhd8 21.Qe3
Qe7 22.Qe1 Qf7 23.Qc3 Nb4 24.Nd2 Qf8 25.Nb3 R4d6 26.Nxc5 Rc6 27.Rxb4 Rxc5 
28.Rc4 Rxc4 29.Qxc4 Rd6 30.Kf1 Kd7 31.Qa4+ Rc6 32.c4 Qc5 33.Ke2 Qd4 34.Qa1
Qc5 35.Rb8 Ke6 36.Qa4 Kf7 37.Rd8 Re6 38.Qd7+ Qe7 39.Ke3 Rd6 40.Qxe7+ Kxe7 
41.Rxd6 Kxd6 42.d4 c5 43.dxe5+ fxe5 44.f4 Ke6 45.Kf3 exf4 46.Kxf4 g5+ 47.
Kf3 Ke5 48.Ke3 h5 49.g3 h4 50.gxh4 gxh4 51.Kf3 Kd4 52.Kf4 Kxc4 53.e5 Kd5 
54.Kf5 c4 55.e6 Kc6 56.Kf6 c3 57.e7 Kb5 58.e8=Q+ Kxa5 59.Qe4 1-0

[Event "10th Africa-ch (w)"]
[Site "Kampala UGA"]
[Date "2016.07.19"]
[Round "3"]
[White "Laubscher, Anzel"]
[Black "Shahenda, Wafa"]
[Result "1/2-1/2"]
[WhiteElo "1797"]
[BlackElo "2106"]
[EventDate "2016.07.17"]
[PlyCount "119"]

1.Nf3 d5 2.c4 c6 3.d4 Nf6 4.Nc3 e6 5.e3 Nbd7 6.Bd3 dxc4 7.Bxc4 b5 8.Bd3 a6
9.e4 b4 10.Ne2 c5 11.Bg5 Qa5 12.O-O Bb7 13.d5 exd5 14.exd5 Bd6 15.Re1 O-O 
16.Bf5 Qc7 17.Rc1 h6 18.Bh4 Rfe8 19.Qd3 Bxd5 20.Bxd7 Be4 21.Qb3 Nxd7 22.
Bg3 Bxf3 23.Qxf3 Bxg3 24.Nxg3 c4 25.Nf5 Kh7 26.Re7 Rxe7 27.Nxe7 Rf8 28.
Qe4+ f5 29.Qe6 c3 30.bxc3 bxc3 31.Qg6+ Kh8 32.Nxf5 Ne5 33.Qd6 Qxd6 34.Nxd6
Rd8 35.Nb7 Rb8 36.f4 Nd3 37.Rxc3 Nxf4 38.Rb3 Ne2+ 39.Kf1 Nc1 40.Rb2 Rf8+ 
41.Kg1 Rb8 42.a4 Kg8 43.a5 Kf8 44.Rb6 Nd3 45.Kf1 Ne5 46.Nc5 Ra8 47.Rxa6 
Rxa6 48.Nxa6 Nc6 49.Nc5 Nxa5 50.Kf2 Ke7 51.Kf3 Kd6 52.Nd3 Ke6 53.Kg4 Kf6 
54.Kh5 Nc4 55.Nf2 Kf5 56.g4+ Kf6 57.Ne4+ Ke5 58.g5 Kxe4 59.gxh6 gxh6 60.
Kxh6 1/2-1/2

[Event "10th Africa-ch (w)"]
[Site "Kampala UGA"]
[Date "2016.07.19"]
[Round "3"]
[White "Hamza, Amira"]
[Black "Mudongo, Boikhutso"]
[Result "1-0"]
[WhiteElo "1933"]
[BlackElo "1760"]
[EventDate "2016.07.17"]
[PlyCount "75"]

1.d4 d5 2.Nf3 Nf6 3.e3 Bf5 4.c4 c6 5.Nc3 e6 6.Be2 h6 7.O-O Nbd7 8.Re1 Bd6 
9.cxd5 exd5 10.a3 O-O 11.b4 Re8 12.b5 cxb5 13.Nxb5 Bf8 14.Qb3 Qb6 15.a4 a6
16.a5 Qc6 17.Nc3 Rac8 18.Bb2 Rc7 19.Rec1 Qe6 20.Ne1 Bd6 21.Bf3 Be4 22.h3 
Bxf3 23.Nxf3 Rec8 24.Na4 Ne4 25.Rxc7 Rxc7 26.Rc1 Nef6 27.Ba3 Kh7 28.Rxc7 
Bxc7 29.Qc2+ Qe4 30.Qxc7 Qb1+ 31.Qc1 Qb5 32.Nc5 Qxa5 33.Nxb7 Qb6 34.Nc5 
Nxc5 35.dxc5 Qc7 36.Qb1+ Ne4 37.Nd2 f5 38.Nxe4 1-0

[Event "10th Africa-ch (w)"]
[Site "Kampala UGA"]
[Date "2016.07.19"]
[Round "3"]
[White "Mwango, Makumba Lorita"]
[Black "Mezioud, Amina"]
[Result "1-0"]
[WhiteElo "1938"]
[BlackElo "2073"]
[EventDate "2016.07.17"]
[PlyCount "125"]

1.c4 g6 2.g3 Bg7 3.Bg2 Nf6 4.d4 d6 5.Nc3 O-O 6.Nf3 a6 7.O-O Nc6 8.e4 e5 9.
dxe5 dxe5 10.Bg5 Qxd1 11.Raxd1 Bg4 12.h3 Bxf3 13.Bxf3 Nd4 14.Rd3 Nd7 15.
Bg4 Nc5 16.Rd2 Nxe4 17.Nxe4 f5 18.Kg2 fxe4 19.h4 h5 20.Bh3 Kh7 21.Rdd1 Bf6
22.Rfe1 Bxg5 23.hxg5 Rad8 24.Rxe4 Nc6 25.Rd7+ Rxd7 26.Bxd7 Nb8 27.Be6 Re8 
28.Rxe5 Kg7 29.f4 Nc6 30.Re4 Nd8 31.Bd5 Rxe4 32.Bxe4 Kf7 33.g4 hxg4 34.Kg3
c6 35.Kxg4 Kg7 36.c5 Ne6 37.Bxg6 Nxc5 38.Bc2 Ne6 39.f5 Nd4 40.Bd3 c5 41.
f6+ Kf7 42.Bc4+ Kg6 43.f7 Kg7 44.g6 Nc6 45.Bd5 Ne5+ 46.Kf5 Nxg6 47.Bxb7 
Kxf7 48.Bxa6 Nf8 49.Ke5 Ke7 50.Bc8 Kd8 51.Bf5 c4 52.Kd4 Ke7 53.Kxc4 Kf6 
54.Bh3 Ke7 55.Kc5 Ng6 56.a4 Kd8 57.Kb6 Ne5 58.b4 Nd3 59.b5 Ne5 60.Kb7 Nc4 
61.Be6 Nb2 62.a5 Nd3 63.Bf5 1-0

[Event "10th Africa-ch (w)"]
[Site "Kampala UGA"]
[Date "2016.07.19"]
[Round "3"]
[White "Joyce, Nyaruai"]
[Black "El-Ansary, Eman"]
[Result "0-1"]
[WhiteElo "1471"]
[BlackElo "1920"]
[EventDate "2016.07.17"]
[PlyCount "66"]

1.d4 Nf6 2.Nf3 d5 3.Bf4 e6 4.e3 c5 5.h3 Nc6 6.Nbd2 Be7 7.Be2 O-O 8.O-O Qb6
9.dxc5 Qxb2 10.Qc1 Qxc1 11.Rfxc1 Bxc5 12.c3 Bd7 13.Nb3 Ba3 14.Rc2 Rac8 15.
Nbd4 Nxd4 16.Nxd4 Ba4 17.Nb3 Ne4 18.c4 b5 19.c5 b4 20.Ba6 Bxb3 21.axb3 
Rxc5 22.Rxc5 Nxc5 23.Be2 Nxb3 24.Ra2 Nc1 25.Rd2 b3 26.Bd1 b2 27.Bc2 f6 28.
e4 Bb4 29.Rd3 dxe4 30.Rd7 Ne2+ 31.Kh2 Nxf4 32.Bxe4 a5 33.Rb7 Nd5 0-1

[Event "10th Africa-ch (w)"]
[Site "Kampala UGA"]
[Date "2016.07.19"]
[Round "3"]
[White "Frick, Denise"]
[Black "Van Niekerk, Megan"]
[Result "0-1"]
[WhiteElo "1905"]
[BlackElo "1594"]
[EventDate "2016.07.17"]
[PlyCount "110"]

1.e4 c5 2.d3 e6 3.Nd2 Nc6 4.g3 g6 5.Bg2 Bg7 6.f4 Nge7 7.Ngf3 d5 8.c3 Qc7 
9.O-O b6 10.Re1 O-O 11.e5 Bd7 12.Nf1 b5 13.Be3 c4 14.d4 Rfb8 15.g4 b4 16.
h4 a5 17.Re2 a4 18.a3 bxc3 19.bxc3 Rb3 20.Rc2 Rab8 21.Ng3 Qb6 22.Bc1 Na5 
23.Nd2 Rb5 24.Bh3 Nc8 25.f5 Bxe5 26.Kg2 Bd6 27.Qf3 exf5 28.gxf5 Nb3 29.
fxg6 Bxh3+ 30.Kxh3 fxg6 31.Raa2 Be7 32.h5 Qe6+ 33.Kg2 Nd6 34.hxg6 hxg6 35.
Ndf1 Nxc1 36.Rxc1 Rb2+ 37.Rc2 Rxa2 38.Rxa2 Rf8 39.Qd1 Ne4 40.Re2 Qf7 41.
Nxe4 Qf3+ 42.Kg1 dxe4 43.Nh2 Qxc3 44.Rg2 Kg7 45.Kh1 Rf6 46.Ng4 Rf4 47.Ne5 
Rh4+ 48.Kg1 Qe3+ 49.Rf2 Bf6 50.Qf1 Bxe5 51.dxe5 Rf4 52.Kg2 Rxf2+ 53.Qxf2 
Qxf2+ 54.Kxf2 Kf7 55.Ke3 c3 0-1